(Ne)podmíněné sociální dávky prizmatem sociálních modelů
Nástroje a modely rôznych sociálnych politík a ich využívanie. Sociálne modely, ktoré sú produktom typických /modelových sociálnych politík, a ktoré majú odlišné dopady na rozdeľovanie, či mieru rovnosti a rôznu efektívnosť.
Salvato in:
| Autore principale: | |
|---|---|
| Natura: | Capitolo di libro |
| Lingua: | ceco |
| Soggetti: | |
| Tags: |
Nessun Tag, puoi essere il primo ad aggiungerne!!
|
MARC
| LEADER | 00000naa a2200000 4500 | ||
|---|---|---|---|
| 001 | 0273622 | ||
| 005 | 20210513100401.2 | ||
| 041 | 0 | |a cze | |
| 044 | |a CZ | ||
| 245 | 1 | 0 | |a (Ne)podmíněné sociální dávky prizmatem sociálních modelů |c Jaroslav Vostatek |
| 520 | |a Nástroje a modely rôznych sociálnych politík a ich využívanie. Sociálne modely, ktoré sú produktom typických /modelových sociálnych politík, a ktoré majú odlišné dopady na rozdeľovanie, či mieru rovnosti a rôznu efektívnosť. | ||
| 610 | 2 | 0 | |a politika sociálna |
| 610 | 2 | 0 | |a modely sociálne |
| 610 | 2 | 0 | |a systémy sociálne |
| 610 | 2 | 0 | |a porovnanie medzinárodné |
| 610 | 2 | 0 | |a efektívnosť sociálno-ekonomická |
| 610 | 2 | 0 | |a dôsledky sociálne |
| 100 | 1 | |a Vostatek, Jaroslav | |